• 首页
  • 本馆介绍
  • 公告通知
  • 最新文献
  • 馆藏检索
  • 电子资源
  • 读者荐购
  • 参考咨询
  • CALIS
  • 我的图书馆
  • 登录
  • 详细信息显示
  • 放入我的书架
  • 预约/预借图书
  • 作者相关作品
  • 分类相关作品
  • 丛书相关作品
  • 出版社相关作品

书目信息

  • 表格格式
  • 工作单格式
  • 卡片格式
题名:
公司实用文体写作工具箱
    
 
作者: 李笑 主编
分册:  
出版信息: 北京   化学工业出版社  2009.09
页数: 343页
开本: 26cm
丛书名:
单 册:
中图分类: H152.3
科图分类:
主题词: 公司--Gong Si--应用文--写作
电子资源:
ISBN: 978-7-122-06077-8
 
 
 
 
 
000 01134nam0 2200253 450
001 CAL 012009109194
005 20110829134701.03
010    @a978-7-122-06077-8@dCNY49.80
100    @a20090827d2009 ekmy0chiy50 ea
101 0  @achi
102    @aCN@b110000
105    @ay a 000yy
106    @ar
200 1  @a公司实用文体写作工具箱@AGong Si Shi Yong Wen Ti Xie Zuo Gong Ju Xiang@f李笑主编
210    @a北京@c化学工业出版社@d2009.09
215    @a343页@d26cm
320    @a有书目 (第343页)
330    @a实用文体,是公司管理活动的产物,是公司运营不可或缺的一个重要部分,已经成为千千万万的公司进行生产、经营等活动不可缺少的工具和手段。《公司实用文体写作工具箱》将实用文体分为事务写作文体、人力资源管理文体、销售管理文体、财务管理文体、社交礼仪文体等九大类,本着实用、方便的原则,系统介绍了相关文体的概念、特点、作用、格式、结构和写作要求,并附以相应的优秀范例作为参考,力求公司相关人员能够更快、更好地掌握实用文体写作的方法与技巧,提升执行力,提高工作效率。
586    @a
606 0  @a公司@AGong Si@x应用文@x写作
690    @aH152.3@v5
701  0 @a李笑@ALi Xiao@4主编
801  0 @aCN@c20110610
905    @dH152.3@eL296@f3
    
    公司实用文体写作工具箱/李笑主编.-北京:化学工业出版社,2009.09
    343页;26cm
    
    
    ISBN 978-7-122-06077-8:CNY49.80
    实用文体,是公司管理活动的产物,是公司运营不可或缺的一个重要部分,已经成为千千万万的公司进行生产、经营等活动不可缺少的工具和手段。《公司实用文体写作工具箱》将实用文体分为事务写作文体、人力资源管理文体、销售管理文体、财务管理文体、社交礼仪文体等九大类,本着实用、方便的原则,系统介绍了相关文体的概念、特点、作用、格式、结构和写作要求,并附以相应的优秀范例作为参考,力求公司相关人员能够更快、更好地掌握实用文体写作的方法与技巧,提升执行力,提高工作效率。
●
相关链接 在E读中查询图书 在当当中查询图书 在豆瓣中查询图书


正题名:公司实用文体写作工具箱     索取号:H152.3/L296         预约/预借

序号 登录号 条形码 馆藏地/架位号 状态 备注
1 888343   208883430   语言库209/209语言库 75排1列2层/ [索取号:H152.3/L296] 在馆    
2 888344   208883449   语言库209/209语言库 75排1列2层/ [索取号:H152.3/L296] 在馆    
3 888345   208883458   语言库209/209语言库 75排1列2层/ [索取号:H152.3/L296] 在馆    
河南城建学院图书馆 欢迎您!
大连网信软件有限公司© 版权所有